Unos zuecos para mí / (Registro nro. 10956)

Detalles MARC
000 -LIDER
fixed length control field 00737nam a22002537a 4500
001 - NÚMERO DE CONTROL
Identificador de número de control 000405
003 - IDENTIFICACDOR DE NÚMERO DE CONTROL
control field DO-SdBNP
005 - DATE AND TIME OF LATEST TRANSACTION
control field 20180207111623.0
007 - CAMPOS FIJOS DE DESCRIPCIÓN FÍSICA
fixed length control field 000405
008 - ELEMENTOS DE LONGITUD FIJA
fixed length control field 160720b 1988 sp ||||| |||| 00| 0 spa d
020 ## - ISBN
International Standard Book Number 8420729698
040 ## - FUENTE DE CATALOGACIÓN
Agencia que crea de manera original el registro BPMSU
Idioma de catalogación spa
Agencia que realiza la transcripción BPMSU
092 ## - LOCALLY ASSIGNED DEWEY DECIMAL CALL NUMBER
Número de clasificación xxxxxx
Número de ítem (Cutter) xxxxxx
100 1# - ASIENTO PRINCIPAL -- NOMBRE PERSONAL
Nombre personal Pérez Avello, Carmen
245 10 - MENCIÓN DE TITULO
Título Unos zuecos para mí /
Mención de responsabilidad Carmen Pérez-Avello ; ilustraciones Teo Puebla.
260 ## - PUBLICACIÓN, DISTRIBUCIÓN, ETC. (PIE DE IMPRENTA)
Lugar de publicación, distribución, etc Madrid :
Nombre del editor, distribuidor, etc. Anaya,
Fecha de publicación, distribución, etc 1988.
300 ## - DESCRIPCIÓN FÍSICA
Extensión 84 p. :
Otros detalles físicos il. ;
Dimensiones 19 cm.
490 1# - MENCIÓN DE SERIES
Mención de serie El duende verde
Volume/sequential designation 14
700 12 - ASIENTO SECUNDARIO -- NOMBRE PERSONAL
Nombre personal Puebla, Teo,
Fechas asociadas con el nombre 1943-
Mención de responsabilidad il.
830 #0 - ASIENTO SECUNDARIO DE SERIE--TÍTULO UNIFORME
Título uniforme El duende verde ;
Volume number/sequential designation 14
942 ## - ADDED ENTRY ELEMENTS (KOHA)
Source of classification or shelving scheme Dewey Decimal Classification
Koha item type Libros
945 ## - INFORMACIÓN DE PROCESAMIENTO LOCAL
Información de procesamiento local inventariado, 2018 / dg
956 ## - LOCAL ELECTRONIC LOCATION AND ACCESS (OCLC)
Método de acceso LOPEREZ
Materiales especificados 10
Enlace 20160720
Campo enlazado y núm. de secuencia BPMSU
Nombre de host 00041
Existencias
Withdrawn status Lost status Source of classification or shelving scheme Damaged status Not for loan Home library Current library Date acquired Source of acquisition Total Checkouts Barcode Date last seen Price effective from Koha item type
    Dewey Decimal Classification     Biblioteca Pública Metropolitana Salomé Ureña Biblioteca Pública Metropolitana Salomé Ureña 07/20/2016 FUNDI   BPMSU16070556 07/20/2016 07/20/2016 Libros